[Event "Friendship IM"]
[Site "Cartak CZE"]
[Date "2005.06.20"]
[Round "4"]
[White "Petr,Ma"]
[Black "Volodin,V"]
[Result "1-0"]
[WhiteElo "2293"]
[BlackElo "2245"]

1.d4 d5 2.c4 e6 3.Nf3 Nf6 4.Nc3 c6 5.e3 Nbd7 6.Bd3 Bd6 7.O-O O-O 8.e4 dxe4
9.Nxe4 Nxe4 10.Bxe4 h6 11.Bc2 e5 12.Re1 Bb4 13.Bd2 Bxd2 14.Qxd2 exd4 15.Nxd4 Nf6
16.Qc3 Re8 17.Rxe8+ Qxe8 18.c5 Bd7 19.Bb3 Rd8 20.Re1 Qf8 21.Nf3 Bc8 22.Qa5 a6
23.Ne5 Nd5 24.Nc4 Be6 25.Nd6 Rxd6 26.cxd6 Qxd6 27.Bxd5 Bxd5 28.a3 Qg6 29.g3 Qf6
30.Qc3 Qxc3 31.Re8+ Kh7 32.bxc3 b5 33.Ra8 Kg6 34.Rxa6 Kf5 35.a4 Ke4 36.axb5 cxb5
37.Rd6 h5 38.h4 g6 39.Kf1 Ke5 40.Rb6 Ke4 41.Ke1 Kd3 42.Rd6 Kc4 43.Kd2 Kc5
44.Rd8 Kc4 45.Rc8+ Kb3 46.Rc5 Bc4 47.f4 b4 48.cxb4 Kxb4 49.Rc7 Kb5 50.Kc3 Be6
51.Kd4 Kb6 52.Re7 Bb3 53.Ke5 Kc5 54.Kf6 Kd4 55.Rxf7 Ke4 56.Kxg6 Kf3 57.Re7 Bc2+
58.Kxh5 Kxg3 59.Kg5  1-0

[Event "Open"]
[Site "Voronezh RUS"]
[Date "2005.06.20"]
[Round "8"]
[White "Iliushkin,E"]
[Black "Tomilova,E"]
[Result "1-0"]
[WhiteElo "2287"]
[BlackElo "2274"]

1.d4 d5 2.c4 c6 3.e3 Nf6 4.Nc3 e6 5.Nf3 Nbd7 6.Qc2 Bd6 7.b3 O-O 8.Be2 b6
9.O-O Bb7 10.e4 dxe4 11.Nxe4 Nxe4 12.Qxe4 Qc7 13.Bd3 g6 14.Qh4 Rfe8 15.Re1 c5
16.Ng5 Nf8 17.Ne4 Bxe4 18.Bxe4 Rad8 19.dxc5 Bxc5 20.Bf4 Bd6 21.Be3 Be5 22.Rad1 Nd7
23.Bc2 Bc3 24.Bd2 Bf6 25.Qh3 Nc5 26.Qf3 Bg7 27.b4 Nd7 28.Ba4 Ne5 29.Qe2 Nc6
30.Qe4 Rc8 31.c5 bxc5 32.bxc5 Qb7 33.Rb1 Qa8 34.Bg5 h6 35.Bf4 e5 36.Bg3 f5
37.Qd5+ Kh8 38.f3 Re7 39.Red1 Kh7 40.Qd6 Rec7 41.h4 h5 42.Kh2 f4 43.Bf2 e4
44.Bxc6 Rxc6 45.Qxf4 Rf6 46.Qg5 Qc6 47.Qd5 exf3 48.Qxc6 Rfxc6 49.Rd7 Kg8
50.gxf3 Ra6 51.Rbb7 Be5+ 52.f4 Rxa2 53.fxe5 Rxf2+ 54.Kg3 Rf5 55.Rg7+ Kf8
56.Rh7 Ke8 57.e6 Rd8 58.Rh8+  1-0

[Event "Open"]
[Site "Voronezh RUS"]
[Date "2005.06.20"]
[Round "8"]
[White "Bratus,P"]
[Black "Sudarikov,S"]
[Result "1-0"]
[WhiteElo "2294"]
[BlackElo "2187"]

1.Nf3 d5 2.d4 Nf6 3.c4 e6 4.Nc3 c6 5.e3 Nbd7 6.Bd3 Bd6 7.O-O O-O 8.e4 dxe4
9.Nxe4 Nxe4 10.Bxe4 Nf6 11.Bc2 Qc7 12.Bg5 Bf4 13.Qd3 Bxg5 14.Nxg5 g6 15.Rfe1 Rd8
16.Qf3 Kg7 17.Qc3 Qf4 18.Nf3 b6 19.Rad1 Bb7 20.g3 Qg4 21.Ne5 Qh3 22.Bd3 h5
23.Bf1 Qf5 24.Bg2 Rd6 25.b4 a5 26.b5 Rc8 27.bxc6 Rdxc6 28.Nxc6 Bxc6 29.d5 Bxd5
30.Bxd5 exd5 31.Rd4 g5 32.h4 Rxc4 33.Rxc4 dxc4 34.hxg5 Qxg5 35.Qxc4 b5 36.Qd4 Kh7
37.Qa7 Qd5 38.Qxa5 h4 39.gxh4 Nh5 40.Qb4 f5 41.Qe7+ Ng7 42.a3 Qf3 43.Qe3 Qd5
44.Qg3 Ne6 45.Qe5  1-0

[Event "Friendship IM"]
[Site "Cartak CZE"]
[Date "2005.06.21"]
[Round "6"]
[White "Pachta,P"]
[Black "Biolek,R1"]
[Result "0-1"]
[WhiteElo "2159"]
[BlackElo "2135"]

1.d4 d5 2.c4 c6 3.Nc3 Nf6 4.Nf3 e6 5.e3 Nbd7 6.Bd3 dxc4 7.Bxc4 b5 8.Bd3 Bd6
9.O-O O-O 10.e4 e5 11.d5 cxd5 12.Nxd5 Nxd5 13.exd5 a6 14.a4 Nc5 15.Re1 Bg4
16.axb5 f5 17.Be2 axb5 18.Rxa8 Qxa8 19.h3 Bxf3 20.Bxf3 e4 21.Be2 Qb7 22.Be3 Rc8
23.Bxc5 Rxc5 24.Qb3 Qxd5 25.Qxd5+ Rxd5 26.Rd1 Rxd1+ 27.Bxd1 Kf7 28.b4 Bxb4
29.Be2 Bc5 30.Bxb5 Kf6 31.Kf1 Ke5 32.Ke2 g5 33.Bd7 h5 34.Be8 h4 35.Bh5 Kf4
36.Bg6 Bb6 37.Be8 g4 38.Bd7 g3 39.fxg3+ hxg3 40.Bc8 Ke5 41.Kf1 f4 42.h4 f3
43.gxf3 exf3 44.Bh3 Kf4 45.h5 Kg5 46.h6 Kxh6 47.Bg2 fxg2+ 48.Kxg2 Bc7  0-1

[Event "White Nights"]
[Site "St Petersburg RUS"]
[Date "2005.06.21"]
[Round "4"]
[White "Kryschilovskij,A"]
[Black "Yevseev,D"]
[Result "0-1"]
[WhiteElo "2397"]
[BlackElo "2530"]

1.d4 d5 2.c4 e6 3.Nf3 Nf6 4.Nc3 c6 5.e3 Nbd7 6.Bd3 dxc4 7.Bxc4 b5 8.Bd3 Bb7
9.e4 b4 10.Na4 c5 11.e5 Nd5 12.O-O cxd4 13.Re1 g6 14.Bg5 Qa5 15.Nd2 Rc8 16.Ne4 Nxe5
17.Bf1 Be7 18.Qxd4 Bxg5 19.Bb5+ Bc6 20.Qxe5 O-O 21.Bxc6 Rxc6 22.Qxg5 Qxa4
23.Qh6 f6 24.h4 Qa5 25.Rad1 Qc7 26.Rd3 Qf4 27.Qxf4 Nxf4 28.Rd7 a6 29.Nd6 Nd3
30.Rd1 Ne5 31.Re7 Rd8 32.Re8+ Rxe8 33.Nxe8 Kf7 34.Nd6+ Ke7 35.Ne4 f5 36.Ng5 h6
37.Nh3 Rc2 38.b3 Rxa2 39.Rc1 Rb2 40.Ra1 Rxb3 41.Rxa6 Ra3 42.Rb6 Nd3 43.Kf1 b3
44.Ke2 b2 45.Kd2 Ra1 46.Kc2 Rc1+ 47.Kxd3 b1=Q+ 48.Rxb1 Rxb1 49.Nf4 Kf6  0-1

[Event "zt 4.1"]
[Site "Taza MAR"]
[Date "2005.06.22"]
[Round "2"]
[White "Sebih,K"]
[Black "Tissir,M"]
[Result "0-1"]
[WhiteElo "2318"]
[BlackElo "2442"]

1.d4 e6 2.Nf3 Nf6 3.e3 d5 4.c4 c6 5.Nc3 Nbd7 6.Bd3 dxc4 7.Bxc4 b5 8.Bb3 b4
9.Ne2 Bd6 10.Qc2 c5 11.e4 cxd4 12.Qc6 Qb6 13.Qxa8 O-O 14.e5 Bxe5 15.Nxe5 Nxe5
16.Bf4 Nd3+ 17.Kd2 Bb7 18.Qxf8+ Kxf8 19.Kxd3 Ba6+ 20.Kd2 e5 21.Bg3 Ne4+ 22.Ke1 Qb5
23.Bd1 Qd3 24.f3 Qd2+ 25.Kf1 Nxg3+ 26.hxg3 Qxb2 27.Kf2 Qxa1 28.Re1 Qxa2 29.Kg1 Qd2  0-1

[Event "6th EICC"]
[Site "Warsaw POL"]
[Date "2005.06.22"]
[Round "5"]
[White "Nielsen,PH"]
[Black "Smeets,J"]
[Result "1-0"]
[WhiteElo "2653"]
[BlackElo "2518"]

1.d4 d5 2.c4 c6 3.Nc3 Nf6 4.e3 e6 5.Nf3 Nbd7 6.Qc2 Bd6 7.g4 h6 8.Bd2 dxc4
9.Bxc4 b5 10.Be2 Bb7 11.e4 Be7 12.g5 hxg5 13.Nxg5 Qb6 14.O-O-O Qxd4 15.Be3 Qb4
16.f4 Qa5 17.f5 e5 18.Rhg1 Bc5 19.Bxc5 Nxc5 20.Kb1 Ncd7 21.Qb3 Rf8 22.Ne6 fxe6
23.Bh5+ Kd8 24.fxe6 Nxh5 25.Rxd7+ Kc8 26.Qd1 Rh8 27.Qd6 Qb6 28.Rc1 c5 29.Nxb5 Bxe4+
30.Ka1 Qxd6 31.Nxd6+ Kb8 32.Rxc5 a6 33.Rcc7  1-0

[Event "6th EICC"]
[Site "Warsaw POL"]
[Date "2005.06.22"]
[Round "5"]
[White "Dziuba,M"]
[Black "Godena,M"]
[Result "1/2-1/2"]
[WhiteElo "2429"]
[BlackElo "2527"]

1.d4 e6 2.c4 Nf6 3.Nf3 d5 4.Nc3 c6 5.e3 Nbd7 6.Qc2 Bd6 7.b3 O-O 8.Bb2 e5
9.cxd5 cxd5 10.Nb5 Bb4+ 11.Bc3 Bxc3+ 12.Nxc3 e4 13.Nd2 Nb8 14.b4 Nc6 15.Qb3 Be6
16.Be2 Rc8 17.O-O Qb6 18.Rfc1 Qxb4 19.Rab1 Qxb3 20.Nxb3 Nd7 21.Nb5 Nb4 22.Nxa7 Ra8
23.Nb5  1/2-1/2

[Event "White Nights"]
[Site "St Petersburg RUS"]
[Date "2005.06.23"]
[Round "6"]
[White "Golovenchits,B"]
[Black "Gratsianov,I"]
[Result "1-0"]
[WhiteElo "2095"]
[BlackElo "1906"]

1.d4 d5 2.c4 e6 3.Nc3 c6 4.e3 Nf6 5.Nf3 Bd6 6.Bd3 Nbd7 7.Qc2 h6 8.O-O O-O
9.b3 e5 10.cxd5 cxd5 11.Nb5 Bb8 12.dxe5 Nxe5 13.Nbd4 Nxd3 14.Qxd3 Ne4 15.Bb2 Bg4
16.h3 Bh5 17.Qb5 a6 18.Qxb7 Ra7 19.Qb4 Bd6 20.Qa4 Qf6 21.Rab1 Qg6 22.b4 Rc8
23.a3 Rb7 24.Qb3 Rd8 25.Qd3 Rc7 26.Nh4 Qg5 27.Ndf5 Bf8 28.f4 Qxf5 29.Nxf5 Bg6
30.g4 h5 31.Rbc1 Rcd7 32.Kg2 Bh7 33.Qxa6 Nd2 34.Rc8 Nxf1 35.Kxf1 Bxf5 36.gxf5 Rd6
37.Qa8 Be7 38.b5 f6 39.a4 Kf7 40.Rxd8 Bxd8 41.Qb7+ Ke8 42.Qxg7 Be7 43.Qxe7+ Kxe7
44.Ba3  1-0

[Event "6th EICC"]
[Site "Warsaw POL"]
[Date "2005.06.25"]
[Round "7"]
[White "Siebrecht,S"]
[Black "Mastrovasilis,D"]
[Result "0-1"]
[WhiteElo "2438"]
[BlackElo "2562"]

1.d4 d5 2.Nf3 Nf6 3.c4 c6 4.Nc3 e6 5.e3 Nbd7 6.Qc2 Bd6 7.Bd3 O-O 8.O-O dxc4
9.Bxc4 b5 10.Be2 Bb7 11.Rd1 Qb8 12.Ne4 Nxe4 13.Qxe4 c5 14.Qh4 c4 15.e4 Qd8
16.Bg5 f6 17.Be3 f5 18.Qxd8 Rfxd8 19.d5 exd5 20.exf5 Nc5 21.Nd4 b4 22.Nb5 Bf8
23.Nc7 Rac8 24.Ne6 Nxe6 25.fxe6 Bc5 26.Bxc5 Rxc5 27.Rd4 Re8 28.Bg4 Bc8 29.Re1 Kf8
30.f4 Ke7 31.f5 g6 32.Rf4 gxf5 33.Rxf5 Kd6 34.Rf7 c3 35.bxc3 bxc3 36.Bf5 d4
37.Bxh7 Bxe6 38.Rxa7 Rec8 39.Bc2 Bf5 40.Ra6+ R8c6 41.Rxc6+ Kxc6 42.Ba4+ Kb6
43.Kf2 Ka5 44.Bb3 d3 45.Rc1 Kb4 46.Ke3 Ka3 47.Kd4 Kb2 48.Rf1 Ra5 49.g4 Bh7
50.Be6 d2 51.Bb3 Bc2 52.Bxc2 Kxc2 53.h4 Ra4+  0-1

[Event "Torch Real Estate Cup"]
[Site "Xiapu CHN"]
[Date "2005.06.25"]
[Round "18"]
[White "Zhao Xue"]
[Black "Xu Hanbing"]
[Result "1-0"]
[WhiteElo "2478"]
[BlackElo "2290"]

1.d4 Nf6 2.c4 e6 3.Nf3 d5 4.Nc3 c6 5.e3 Nbd7 6.Qc2 Bd6 7.b3 O-O 8.Be2 Qe7
9.O-O dxc4 10.bxc4 e5 11.Rd1 Re8 12.a4 exd4 13.exd4 Nf8 14.h3 Ng6 15.Rb1 Qc7
16.Bg5 Nh5 17.c5 Bf4 18.d5 Bxg5 19.Nxg5 Nhf4 20.Bc4 Qe7 21.h4 Rf8 22.d6 Qd7
23.f3 b6 24.cxb6 axb6 25.Rxb6 Ra5 26.Kh2 h6 27.Nxf7 Rxf7 28.Bxf7+ Kxf7 29.Qb3+ Ne6
30.g3 Kg8 31.Rb8 Re5 32.f4 Nxf4 33.gxf4 Rh5 34.Rxc8+ Qxc8 35.d7 Qd8 36.Qxe6+ Kh7
37.Kg2 Rxh4 38.Qf5+ Kg8 39.Qe6+ Kh7 40.Qe4+ g6 41.Qe8 Qf6 42.Ne2 g5 43.Qe4+  1-0

[Event "zt 4.1"]
[Site "Taza MAR"]
[Date "2005.06.26"]
[Round "7"]
[White "Sebih,K"]
[Black "Hamdouchi,H"]
[Result "0-1"]
[WhiteElo "2318"]
[BlackElo "2559"]

1.d4 d5 2.c4 c6 3.Nc3 Nf6 4.e3 e6 5.Nf3 Nbd7 6.Bd3 dxc4 7.Bxc4 b5 8.Bd3 Bd6
9.O-O O-O 10.a4 b4 11.Ne4 Nxe4 12.Bxe4 Bb7 13.Nd2 Rc8 14.Nc4 Bb8 15.b3 Ba6
16.Bd3 c5 17.Bb2 Bb7 18.Qh5 f5 19.Rad1 Rf6 20.f4 Rg6 21.Rd2 Nf6 22.Qd1 cxd4
23.Bxd4 Nd5 24.Bb1 Qh4 25.Qe1 Qh3 26.Rff2 Nxf4 27.exf4 Bxf4 28.Kf1 Qxh2 29.Rfe2 Qh1+
30.Bg1 Bh2 31.Qf2 Bxg2+ 32.Qxg2 Rxg2 33.Rxg2 Bxg1 34.Rxg1 Qf3+ 35.Rf2 Qxb3
36.Nd2 Qe3 37.Kg2 Rc3 38.Nf3 Qf4 39.Rgf1 b3 40.Nh2 Qxa4 41.Rf3 Qc6 42.Kg1 a5  0-1

[Event "Torch Real Estate Cup"]
[Site "Xiapu CHN"]
[Date "2005.06.26"]
[Round "19"]
[White "Wang Xinyue"]
[Black "Liu Pei"]
[Result "1/2-1/2"]
[WhiteElo "1978"]
[BlackElo "2290"]

1.d4 d5 2.c4 c6 3.Nc3 Nf6 4.e3 e6 5.Nf3 Nbd7 6.Qc2 Bd6 7.Be2 O-O 8.b3 Re8
9.O-O Qe7 10.e4 dxe4 11.Nxe4 Nxe4 12.Qxe4 c5 13.Bd3 f5 14.Qe2 cxd4 15.Nxd4 Ne5
16.Nb5 Nxd3 17.Qxd3 Rd8 18.Nxd6 Qxd6 19.Qxd6 Rxd6 20.Bf4 Rd7 21.Rfd1 Kf7
22.c5 Rxd1+ 23.Rxd1 Ke8 24.Be5 g6 25.Rd6 Bd7 26.f4 Rc8 27.b4 a5 28.a3 axb4
29.axb4 Ke7 30.Rb6 Bc6 31.Kf2 Ke8 32.b5 Bd5 33.Bd4 Kd7 34.Rd6+ Ke7 35.Kg3 h6  1/2-1/2

[Event "6th EICC"]
[Site "Warsaw POL"]
[Date "2005.06.27"]
[Round "9"]
[White "Magalashvili,D"]
[Black "Kuraszkiewicz,M"]
[Result "1/2-1/2"]
[WhiteElo "2445"]
[BlackElo "2300"]

1.c4 Nf6 2.Nc3 c6 3.Nf3 d5 4.e3 e6 5.d4 Nbd7 6.Qc2 Bd6 7.Bd3 dxc4 8.Bxc4 O-O
9.O-O e5 10.h3 exd4 11.Nxd4 Ne5 12.Be2 Bc7 13.Rd1 Qe7 14.b3 Ng6 15.Nf3 Ne5
16.Bb2 Nxf3+ 17.Bxf3 Qe5 18.g3 Qg5 19.h4 Qf5 20.Qxf5 Bxf5 21.Ne2 Rad8 22.Bxf6 Rxd1+
23.Rxd1 gxf6 24.Nd4 Bc8 25.b4 Rd8 26.Rc1 Bb6 27.Ne2 Be6 28.a4 a5 29.Rb1 Rd7
30.b5 c5 31.Nf4 Bd8 32.Kf1 b6 33.Ke1 Bc7 34.Nxe6 fxe6 35.Be2 Kf8 36.Bc4 Ke7
37.g4 h6 38.Ke2 Be5 39.Rb3 Bb8 40.f4 e5 41.f5 e4 42.Rb1 Be5 43.Rc1 Rd8 44.Be6 Bg3
45.h5 Be5 46.Rc4 Kf8 47.Rxe4 Ke7 48.Rc4 Kf8 49.Rc1 Rd6 50.Kf3 Rd2 51.Ke4 Bg3
52.Rh1 Kg7 53.Rh3 Bc7 54.Rf3 Bb8 55.Rf1 Bg3 56.Bc4 Kf8 57.Ra1 Ke7 58.Rg1 Bh4
59.Rh1 Bg5 60.Rb1 Kd6 61.Rc1 Bh4 62.Rc3 Bg5  1/2-1/2

[Event "6th EICC"]
[Site "Warsaw POL"]
[Date "2005.06.27"]
[Round "9"]
[White "Prusikin,M"]
[Black "Gajewski,G"]
[Result "1/2-1/2"]
[WhiteElo "2540"]
[BlackElo "2396"]

1.d4 d5 2.c4 c6 3.e3 Nf6 4.Nc3 e6 5.Nf3 Nbd7 6.Qc2 Bd6 7.b3 O-O 8.Be2 a6
9.O-O e5 10.cxd5 cxd5 11.dxe5 Nxe5 12.Bb2 Qc7 13.h3 Be6 14.Rac1 Nc6 15.Rfd1 Rad8
16.Bf1 Qe7 17.Ng5 d4 18.Nxe6 fxe6 19.Ne4 Nxe4 20.Qxe4 Qf7 21.f3 dxe3 22.Bd3 g6
23.Bc4 Rfe8 24.Qxe3 Bf4 25.Qc3 Be5 26.Qc2 Rxd1+ 27.Rxd1 Qf4 28.Bxe5 Nxe5
29.Bf1 Qe3+ 30.Qf2 Qxf2+ 31.Kxf2 Kf7 32.Rc1 Rd8 33.Ke3 Ke7 34.h4 Rd7 35.Be2 Nf7
36.Bd3 Nd6 37.g4 Kf6 38.Rc5 e5 39.b4 Re7 40.a4 Ke6 41.a5 Rf7 42.Bc2 Rf4 43.Bb3+ Kd7
44.Bg8 h5 45.Rxe5 Rxb4 46.gxh5 gxh5 47.Rxh5 Rxh4 48.Rxh4 Nf5+ 49.Ke4 Nxh4
50.f4 Ng6 51.f5 Ne7 52.Bd5 Nxf5  1/2-1/2

[Event "33rd World Open"]
[Site "Philadelphia USA"]
[Date "2005.06.29"]
[Round "2"]
[White "Sundararajan,K"]
[Black "Kleiman,J"]
[Result "1/2-1/2"]
[WhiteElo "2491"]
[BlackElo "2246"]

1.d4 d5 2.c4 c6 3.Nc3 Nf6 4.e3 e6 5.Nf3 Nbd7 6.Bd3 dxc4 7.Bxc4 b5 8.Bd3 Bd6
9.O-O O-O 10.e4 e5 11.Bg5 Re8 12.Kh1 h6 13.Bh4 exd4 14.Nxd4 g5 15.Nxc6 Qb6
16.Bxb5 Bf8 17.Bg3 Nxe4 18.Nxe4 Qxb5 19.Nd6 Qxc6 20.Rc1 Nc5 21.Rxc5 Qxc5
22.Nxe8 Qc6 23.Qd5 Bb7 24.Nf6+ Qxf6 25.Qxb7 Re8 26.Qb5 Re6 27.b3 Qb2 28.Qa4 Qe2
29.Kg1 Ra6 30.Qd4 Rxa2 31.h4 Rd2 32.Qxa7  1/2-1/2

[Event "6th EICC"]
[Site "Warsaw POL"]
[Date "2005.06.29"]
[Round "11"]
[White "Fressinet,L"]
[Black "Gagunashvili,M"]
[Result "1/2-1/2"]
[WhiteElo "2638"]
[BlackElo "2547"]

1.d4 d5 2.c4 c6 3.Nc3 Nf6 4.e3 e6 5.Nf3 a6 6.Qc2 c5 7.cxd5 exd5 8.Be2 Nc6
9.dxc5 Bxc5 10.O-O Qe7 11.Rd1 Be6 12.b3 O-O 13.Bb2 Rac8 14.Rac1 Ba7 15.Qb1 Rfd8
16.h3 d4 17.exd4 Nxd4 18.Nxd4 Rxd4 19.Bf3 Rcd8 20.Ne2 Bf5 21.Qa1 Rxd1+ 22.Rxd1 Rxd1+
23.Qxd1 h6 24.Ng3 Be6 25.Qe2 b5 26.Qe5 Qc5 27.Qxc5 Bxc5 28.Ne4  1/2-1/2

[Event "6th EICC"]
[Site "Warsaw POL"]
[Date "2005.06.29"]
[Round "11"]
[White "Sokolov,I"]
[Black "Kornev,Alexei"]
[Result "1/2-1/2"]
[WhiteElo "2662"]
[BlackElo "2565"]

1.d4 d5 2.c4 c6 3.Nf3 Nf6 4.Nc3 e6 5.e3 Nbd7 6.Bd3 dxc4 7.Bxc4 b5 8.Bd3 Bb7
9.a3 Bd6 10.Bd2 Qe7 11.Rc1 Rc8 12.O-O O-O 13.Ng5 h6 14.Nge4 Nxe4 15.Bxe4 Nf6
16.Bb1 e5 17.Re1 e4 18.h3 Rfe8 19.Qb3 a6 20.Ne2 Nd5 21.Ng3 Bxg3 22.fxg3 c5
23.dxc5 Rxc5 24.Rxc5 Qxc5 25.Ba2 Re5 26.Rc1 Qb6 27.Rf1 h5 28.Kh1 Qg6 29.Kh2 Rg5
30.Be1 Rf5 31.Rxf5 Qxf5 32.Kg1 Bc6 33.Bd2 Nb6 34.Qc2 Bd5 35.Qc5 Qe6 36.Bb1 Nc4
37.Bc3 f6 38.Bc2 Qc6 39.Qxc6 Bxc6 40.Kf2 Kf7 41.Bd1 g6 42.g4 h4 43.Bd4 g5
44.Ke1 Ke6 45.Be2 Bd5 46.Kd1 Nd6 47.Kc2 Bc4 48.Bxc4+ Nxc4 49.Kc3 f5 50.gxf5+ Kxf5
51.a4 g4 52.axb5 axb5 53.b3 Nd6 54.Bc5 Nf7 55.Be7 gxh3 56.gxh3 Ne5 57.Bxh4 Nc6
58.Be1 Kg5 59.Bg3 Kh5 60.Kd2 Na5 61.Kc2 Nc6 62.Kd1 Na5 63.Be1 Nc6 64.Ke2 Kg5
65.Kf2 b4 66.Ke2 Kh5 67.Kd1 Kg5 68.Kc2 Kh5 69.Bxb4 Nxb4+ 70.Kc3 Nc6 71.b4 Kh4
72.b5 Na5 73.Kd4 Kxh3 74.Kxe4 Kg4 75.Ke5 Kg5 76.e4 Nc4+ 77.Kd5 Nb6+ 78.Kc6 Nc4
79.Kc5 Na5 80.e5 Kg6 81.b6 Kf7 82.Kb5 Nb7 83.Kc6 Nd8+ 84.Kd7 Ne6 85.Kd6 Nd8
86.Kd7 Ne6 87.Kc8 Nc5 88.Kc7 Ke6 89.b7  1/2-1/2

[Event "6th EICC"]
[Site "Warsaw POL"]
[Date "2005.06.29"]
[Round "11"]
[White "Reinderman,D"]
[Black "Pavasovic,D"]
[Result "1-0"]
[WhiteElo "2509"]
[BlackElo "2593"]

1.d4 d5 2.c4 e6 3.Nc3 c6 4.Nf3 Nf6 5.e3 Nbd7 6.Bd3 dxc4 7.Bxc4 b5 8.Be2 Be7
9.O-O Bb7 10.e4 b4 11.e5 bxc3 12.exf6 Bxf6 13.bxc3 c5 14.dxc5 O-O 15.Be3 Qc7
16.Qd6 Rfc8 17.Nd4 Nxc5 18.Qxc7 Rxc7 19.Nb5 Rc6 20.Bf3 Rcc8 21.Nd6 Bxf3 22.Nxc8 Rxc8
23.gxf3 Na4 24.Rac1 h5 25.c4 Nc3 26.Rc2 Rxc4 27.Rfc1 a5 28.Bd2 Ne2+ 29.Kf1 Rxc2
30.Rxc2 Nd4 31.Rc8+ Kh7 32.Bxa5 Nxf3 33.Bb6  1-0

[Event "6th EICC"]
[Site "Warsaw POL"]
[Date "2005.06.29"]
[Round "11"]
[White "Ftacnik,L"]
[Black "Gurevich,M"]
[Result "1/2-1/2"]
[WhiteElo "2540"]
[BlackElo "2630"]

1.d4 d5 2.c4 c6 3.Nf3 Nf6 4.Nc3 e6 5.e3 a6 6.b3 Bb4 7.Bd2 Nbd7 8.Bd3 O-O
9.O-O Bd6 10.Qc2 h6 11.Rad1 e5 12.cxd5 cxd5 13.e4 dxe4 14.Nxe4 Nxe4 15.Bxe4 exd4
16.Bc1 Nf6 17.Bb2 Re8 18.Bf5 Qa5 19.Nxd4 Be5 20.Bxc8 Raxc8 21.Qb1 Ne4 22.Rfe1 Nc3
23.Bxc3 Qxc3 24.Nf3 Bf6 25.Rxe8+ Rxe8 26.Rd3 Qa5 27.Rd2 g6 28.g3 Re6 29.Qd3 Kg7
30.Kg2 Rc6 31.Qe4 Qc7 32.Qe8 Re6 33.Rd7 Qxg3+ 34.hxg3 Rxe8 35.Rxb7 Re2 36.a4 a5
37.Rb5 Bc3 38.Rd5 Rb2 39.Rd3 Bb4 40.Ne5 Re2 41.Rd5 Rb2 42.Nc4 Rxb3 43.Nxa5 Bxa5
44.Rxa5  1/2-1/2

[Event "33rd World Open"]
[Site "Philadelphia USA"]
[Date "2005.06.30"]
[Round "3"]
[White "Sundararajan,K"]
[Black "Schneider,Ig"]
[Result "1-0"]
[WhiteElo "2491"]
[BlackElo "2322"]

1.d4 e6 2.c4 d5 3.Nc3 c6 4.e3 Nf6 5.Nf3 Nbd7 6.Bd3 dxc4 7.Bxc4 b5 8.Bd3 Bb7
9.e4 b4 10.Na4 c5 11.e5 Nd5 12.dxc5 Qa5 13.O-O Bxc5 14.a3 bxa3 15.Nxc5 Nxc5
16.Rxa3 Qb6 17.Bc2 h6 18.Nd4 O-O-O 19.Rg3 g5 20.b4 Na6 21.b5 Nab4 22.Rb3 Kb8
23.Nc6+ Nxc6 24.bxc6 Qxc6 25.Be4 Qc7 26.Ba3 Qxe5 27.Qb1 Nb6 28.Bxb7 Kxb7
29.Bb2 Qd6 30.Bxh8 Rxh8 31.Rd1 Qc6 32.Rc1 Qd7 33.Rd3 Qe7 34.Rcd1 Ka8 35.Rd7 Nxd7
36.Qe4+ Kb8 37.Rb1+ Nb6 38.Qe5+ Kb7 39.Qxh8 a5 40.Qe5 a4 41.Qd4 Qc7 42.Qxa4 Qc1+
43.Rxc1 Nxa4 44.Rc4 Nb6 45.Rc3 h5 46.Rf3  1-0

[Event "33rd World Open"]
[Site "Philadelphia USA"]
[Date "2005.06.30"]
[Round "3"]
[White "Krush,I"]
[Black "Zhao,P"]
[Result "1/2-1/2"]
[WhiteElo "2455"]
[BlackElo "2029"]

1.d4 d5 2.c4 c6 3.Nc3 Nf6 4.e3 e6 5.Nf3 Bd6 6.Bd3 Nbd7 7.O-O dxc4 8.Bxc4 b5
9.Bd3 Bb7 10.e4 e5 11.Bg5 O-O 12.dxe5 Nxe5 13.Nxe5 Bxe5 14.f4 Bd4+ 15.Kh1 b4
16.Ne2 c5 17.Qc2 h6 18.Bh4 Rc8 19.e5 Qd5 20.Nxd4 cxd4 21.Qe2 Ne4 22.Be7 Rfe8
23.Bxb4 f6 24.Rfe1 f5 25.Rec1 Kh8 26.Kg1 g6 27.Bc4  1/2-1/2

[Event "2nd RUS Pupils Summer Boys"]
[Site "Satka RUS"]
[Date "2005.06.30"]
[Round "4"]
[White "Malchikov,A"]
[Black "Moskalenko,A"]
[Result "1-0"]
[WhiteElo "2185"]
[BlackElo "2355"]

1.Nf3 Nf6 2.c4 c6 3.Nc3 d5 4.e3 e6 5.d4 Nbd7 6.Qc2 Bd6 7.Bd3 dxc4 8.Bxc4 O-O
9.O-O e5 10.h3 Qe7 11.a3 b5 12.Ba2 Bb7 13.Qf5 Rae8 14.e4 g6 15.Qg5 exd4 16.Nxd4 Nxe4
17.Qh6 Nxc3 18.bxc3 Be5 19.Bg5 Bf6 20.Rae1 Qc5 21.Bxf7+ Kxf7 22.Qxh7+ Bg7
23.Bh6 Rg8 24.Rxe8 Nf8 25.Rxf8+ Qxf8 26.Re1 Bc8 27.Nxc6 Bf5 28.Re7+ Kf6 29.Bf4 Qxe7
30.Qh4+  1-0

[Event "6th EICC"]
[Site "Warsaw POL"]
[Date "2005.06.30"]
[Round "12"]
[White "Prusikin,M"]
[Black "Fressinet,L"]
[Result "1-0"]
[WhiteElo "2540"]
[BlackElo "2638"]

1.d4 d5 2.c4 c6 3.e3 Nf6 4.Nc3 e6 5.Nf3 Nbd7 6.Qc2 Bd6 7.Bd3 O-O 8.O-O dxc4
9.Bxc4 b5 10.Bd3 Bb7 11.a3 Re8 12.Rd1 Qe7 13.e4 e5 14.Ne2 c5 15.dxc5 Bxc5
16.Ng3 a6 17.Qe2 g6 18.Bg5 Nf8 19.b4 Bb6 20.Be3 N6d7 21.Bc2 Rec8 22.Bb3 Rc3
23.Rd3 Rac8 24.Rad1 Rxd3 25.Qxd3 Kg7 26.Bg5 Qe8 27.Nh4 Kh8 28.Nhf5 gxf5 29.Nxf5 Rc6
30.Qg3 Ng6 31.Nh6 Nf4 32.Kh1 Rxh6 33.Bxh6 Ng6 34.Qf3 Bd4 35.Bxf7 Qe7 36.Bb3 Nf6
37.Bg5 Kg7 38.Rc1 Bb6 39.Bd5 Nxd5 40.Bxe7 Ndxe7 41.Qg4 Kf7 42.f3 Bc6 43.Qh3 Be8
44.Qxh7+ Kf6 45.h4 Nf4 46.Rd1 Ke6 47.Qh6+ Bg6 48.g3 Ne2 49.Kg2 Nc3 50.Rd3  1-0

[Event "DS"]
[Site "Brno CZE"]
[Date "2005.07.01"]
[Round "2"]
[White "Bartos,J"]
[Black "Splosnov,S"]
[Result "1/2-1/2"]
[WhiteElo "2293"]
[BlackElo "2369"]

1.d4 d5 2.c4 e6 3.Nf3 Nf6 4.Nc3 c6 5.e3 Nbd7 6.Bd3 dxc4 7.Bxc4 b5 8.Be2 b4
9.Na4 Bb7 10.O-O Be7 11.a3 a5 12.Qc2 Rc8 13.Rd1 c5 14.Nxc5 Bxc5 15.dxc5 Rxc5
16.Qxc5 Nxc5 17.Rxd8+ Kxd8 18.Bd2 Nb3 19.Rd1 Nxd2 20.Rxd2+ Ke7 21.axb4 axb4
22.Rd4 Rc8 23.Rc4 Rxc4 24.Bxc4 Bxf3 25.gxf3 g5 26.Kf1 Nd7 27.Ke2 Nc5 28.Bb5 Kd6
29.h3 Kd5 30.Kd2 f6 31.Ke2 Ke5 32.Kd2 h5 33.Be8 h4 34.Bb5 f5 35.Be2 Kd5 36.Kc2 e5
37.Kd2 f4 38.Bb5 Kd6 39.Be8 Ke6 40.Bb5 e4 41.Ke2 Ke5 42.fxe4 Nxe4 43.Bd7 Nc5
44.Be8 Ke4 45.Bg6+ Ke5 46.Be8 Ke4 47.Bg6+ Ke5 48.Be8  1/2-1/2

[Event "6th EICC"]
[Site "Warsaw POL"]
[Date "2005.07.01"]
[Round "13"]
[White "Esen,B"]
[Black "Tregubov,P"]
[Result "0-1"]
[WhiteElo "2287"]
[BlackElo "2612"]

1.d4 d5 2.c4 e6 3.Nc3 c6 4.e3 Nf6 5.Nf3 a6 6.c5 Nbd7 7.b4 g6 8.Bb2 Bg7 9.Be2 O-O
10.O-O Qc7 11.Qc2 e5 12.dxe5 Nxe5 13.Nxe5 Qxe5 14.Nb5 Qe7 15.Nd6 Ne8 16.Nxe8 Rxe8
17.Bxg7 Kxg7 18.Rfd1 Qf6 19.Rd4 Bf5 20.Qc3 Be4 21.Rc1 h5 22.Rd2 Re5 23.f4 Re7
24.Qxf6+ Kxf6 25.Rc3 h4 26.Kf2 Rg8 27.Bf3 g5 28.fxg5+ Rxg5 29.Rd4 h3 30.Bxe4 Rxe4
31.gxh3 Ke5 32.Rcd3 f5 33.Rd1 Rh5 34.Rxe4+ fxe4 35.h4 Rxh4 36.Kg3 Rh8 37.h4 Rg8+
38.Kh3 Rf8 39.h5 Rf3+ 40.Kg4 Rxe3 41.h6 Rf3 42.h7 Rf8 43.Rf1 Rh8 44.Rf7 Kd4  0-1

[Event "Open A"]
[Site "Klatovy CZE"]
[Date "2005.07.02"]
[Round "1"]
[White "Kuba,S"]
[Black "Polak,Ra"]
[Result "1-0"]
[WhiteElo "2243"]
[BlackElo "2044"]

1.d4 Nf6 2.c4 e6 3.Nf3 c6 4.Nc3 d5 5.e3 Nbd7 6.Bd3 Bd6 7.O-O O-O 8.e4 dxe4
9.Nxe4 Nxe4 10.Bxe4 Nf6 11.Bc2 h6 12.Qd3 Qc7 13.c5 Be7 14.Ne5 Rd8 15.Bxh6 Bxc5
16.Be3 Bd6 17.f4 Bd7 18.g4 Be8 19.g5 Nd5 20.Qh7+ Kf8 21.Rae1 Nxe3 22.Rxe3 Bxe5
23.Rxe5 Qb6 24.Qh8+ Ke7 25.Qxg7 Qxd4+ 26.Kg2 Rd5 27.Qf6+ Kd6 28.g6 Qc5 29.Rxd5+ cxd5
30.Qe5+ Ke7 31.Bf5 Bc6 32.Qc7+  1-0

[Event "6th EICC Qualification"]
[Site "Warsaw POL"]
[Date "2005.07.02"]
[Round "1"]
[White "Sargissian,G"]
[Black "Korneev,O"]
[Result "1/2-1/2"]
[WhiteElo "2630"]
[BlackElo "2611"]

1.d4 d5 2.c4 e6 3.Nf3 Nf6 4.Nc3 c6 5.e3 Nbd7 6.Qc2 Bd6 7.g4 dxc4 8.Bxc4 Nd5
9.Ne4 Be7 10.Bd2 b6 11.O-O-O Bb7 12.Ne5 a5 13.h4 f6 14.Nd3 b5 15.Bb3 a4 16.Bxd5 cxd5
17.Nec5 Nxc5 18.Nxc5 Bxc5 19.dxc5 d4 20.e4  1/2-1/2

[Event "6th EICC Playoff"]
[Site "Warsaw POL"]
[Date "2005.07.02"]
[Round "2.2"]
[White "Moiseenko,A"]
[Black "Asrian,K"]
[Result "1/2-1/2"]
[WhiteElo "2665"]
[BlackElo "2611"]

1.d4 d5 2.c4 c6 3.Nc3 Nf6 4.e3 e6 5.Nf3 Nbd7 6.Bd3 dxc4 7.Bxc4 b5 8.Bd3 b4
9.Ne4 Nxe4 10.Bxe4 Bb7 11.O-O Bd6 12.Qc2 Rc8 13.a3 bxa3 14.b3 f5 15.Bd3 c5
16.Qe2 O-O 17.Bxa3 Qe7 18.Bb2 Bb8 19.e4 cxd4 20.Bxd4 Nc5 21.Bxc5 Qxc5 22.Rfe1 Kh8
23.Ba6 fxe4 24.Bxb7 exf3 25.Bxf3 Qd6 26.g3 Rc3 27.Be4 Qc5 28.b4 Qd4 29.Rad1 Qf6
30.Rd7 Bc7 31.Rf1 Bb6 32.Kh1 Qh6 33.Bg2 Rc1 34.Rd6 Rxf1+ 35.Bxf1 Qf6 36.f4 Qc3
37.Rxe6 Qxb4 38.h4 Qc5 39.Kg2 h6 40.Kh3 Qf5+ 41.Kh2 Qb1 42.Qf3 Rd8 43.f5 Bd4
44.Kh3 Bf6 45.Bg2 Rf8 46.Qh5 Qd3 47.Re8 Rxe8 48.Qxe8+ Kh7 49.Qg6+ Kh8 50.Qe8+ Kh7
51.Qe6 Qd8 52.Bd5 Kh8 53.Kg4 a5 54.Kh5 a4 55.Qf7 a3 56.Kg6 Bb2 57.Kh5 Bf6
58.Qe6 Kh7 59.Qf7 Kh8 60.Kg4 a2 61.Bxa2 Qd1+ 62.Kf4 Qd4+ 63.Kf3 Qd3+ 64.Kg2 Qe2+
65.Kh3 Qf1+ 66.Kg4 Qd1+ 67.Kf4 Qd4+ 68.Kf3 Qd3+ 69.Kg2 Qe2+ 70.Kh3 Qf1+  1/2-1/2